Statistics for Top Grossing Concert Tours of the 1990's

Click here to take the quiz!

General Stats

  • This quiz has been taken 20 times
  • The average score is 6 of 11

Answer Stats

Tour NameAnswer% Correct
Voodoo Lounge TourThe Rolling Stones
78%
Zoo TV TourU2
78%
Blond Ambition TourMadonna
72%
HIStory World TourMichael Jackson
56%
PopMart TourU2
56%
Bridges to Babylon TourThe Rolling Stones
50%
Hell Freezes Over TourEagles
44%
Rhythm Nation World TourJanet Jackson
44%
The Girlie ShowMadonna
44%
The Division Bell TourPink Floyd
39%
The Magic Summer TourNew Kids on the Block
0%

Score Distribution

Percentile by Number Answered

Percent of People with Each Score

Your Score History

You have not taken this quiz